One Billion Dollars: On Holiday Quiz Stats

 Plays Quiz Updated Apr 26, 2013

Score 0/15 Timer 04:00
4 Plays Today
% Correct
₹ Indian Rupee (INR)
81.7%
¥ Japanese Yen (JPY)
76%
¥ Chinese Yuan Renminbi (CNY)
73.3%
руб Russian Ruble (RUB)
72.9%
฿ Thai Bhat
71.8%
R$ Brazilian Real (BRL)
68.7%
K Papua New Guinean Kina (PGK)
68.4%
Ksh Kenyan Shilling (KES)
67.7%
% Correct
сом Kyrgyzstani Som (KGS)
63.1%
CF Congolese Franc (CDF)
62.5%
zł Polish Złoty (PLN)
62.3%
ج.م. Egyptian Pound (EGP)
60.2%
$ Canadian Dollar (CAD)
58.7%
₪ Israeli Shekel (ILS)
57.9%
ლ Georgian Lari (GEL)
56.9%

You're not logged in!

Compare scores with friends on all Sporcle quizzes.
OR
Log In

Show Comments

Extras

Top Quizzes Today


Score Distribution

Your Account Isn't Verified!

In order to create a playlist on Sporcle, you need to verify the email address you used during registration. Go to your Sporcle Settings to finish the process.

Report this User

Report this user for behavior that violates our Community Guidelines.

Details: